| 000 | 00623nam a22001577a 4500 | ||
|---|---|---|---|
| 999 |
_c57138 _d57138 |
||
| 005 | 20220324113024.0 | ||
| 008 | 191127s2019 ge ||||| |||| 00| 0 geo d | ||
| 020 | _q24492418 | ||
| 050 | _ageo | ||
| 245 |
_aინოვაციური ეკონომიკა და მართვა = INNOVATIVE ECONOMICS AND MANAGMENT / _cმთ.რედ.ბადრი გეჩბაია. |
||
| 260 |
_aბათუმი, _c2019. |
||
| 300 | _aV. | ||
| 653 | _aეკონომიკა | ||
| 700 |
_aბადრი, გეჩბაია _eმთავარი რედაქტორი _95507 |
||
| 942 |
_2udc _cCR |
||